书目信息 |
| 题名: |
大学英语写作技巧与实践探究
|
|
| 作者: | 徐淑娟 著 | |
| 分册: | ||
| 出版信息: | 北京 中国水利水电出版社 2015 |
|
| 页数: | 209页 | |
| 开本: | 24cm | |
| 丛书名: | ||
| 单 册: | ||
| 中图分类: | H319.36 | |
| 科图分类: | ||
| 主题词: | 英语--Ying Yu--写作--教学研究--高等学校 | |
| 电子资源: | ||
| ISBN: | 978-7-5170-2510-8 | |
| 000 | 01063nam0 22002411 450 | |
| 001 | 350797 | |
| 005 | 20161012103236.95 | |
| 010 | @a978-7-5170-2510-8@dCNY42.00 | |
| 100 | @a20150810d2015 em y0chiy50 ea | |
| 101 | 0 | @achi@aeng |
| 102 | @aCN@b110000 | |
| 105 | @ay z 000yy | |
| 106 | @ar | |
| 200 | 1 | @a大学英语写作技巧与实践探究@ADa Xue Ying Yu Xie Zuo Ji Qiao Yu Shi Jian Tan Jiu@dResearch on techniques and practice of college English writing@f徐淑娟著@zeng |
| 210 | @a北京@c中国水利水电出版社@d2015 | |
| 215 | @a209页@d24cm | |
| 330 | @a本书紧扣写作技巧及其实践的主题,首先介绍了英语写作的基础知识,如英语写作的相关理论及其在词汇、句子、段落、篇章等各层次的写作原则或技巧。在此基础上,对主要实用文体,如社交、科技、商务、法律等的写作技巧与实践进行了探究。 | |
| 510 | 1 | @aResearch on techniques and practice of college English writing@zeng |
| 606 | 0 | @a英语@AYing Yu@x写作@x教学研究@x高等学校 |
| 690 | @aH319.36@v5 | |
| 701 | 0 | @a徐淑娟@AXu Shu Juan@c(女,英语@f1976~)@4著 |
| 801 | 0 | @aCN@bTANGWEI@c20160808 |
| 905 | @b0891830-4@dH319.36@e121@f5 | |
| 大学英语写作技巧与实践探究=Research on techniques and practice of college English writing/徐淑娟著.-北京:中国水利水电出版社,2015 |
| 209页;24cm |
| ISBN 978-7-5170-2510-8:CNY42.00 |
| 本书紧扣写作技巧及其实践的主题,首先介绍了英语写作的基础知识,如英语写作的相关理论及其在词汇、句子、段落、篇章等各层次的写作原则或技巧。在此基础上,对主要实用文体,如社交、科技、商务、法律等的写作技巧与实践进行了探究。 |
| ● |
| 相关链接 |
|
|
|
|
正题名:大学英语写作技巧与实践探究
索取号:H319.36/121
 
预约/预借
| 序号 | 登录号 | 条形码 | 馆藏地/架位号 | 状态 | 备注 |
| 1 | 0891830 | 208918304 | 第二样本阅览室/ [索取号:H319.36/121] | 在馆 | |
| 2 | 0891831 | 208918313 | 第四借阅区/ [索取号:H319.36/121] | 在馆 | |
| 3 | 0891832 | 208918322 | 第四借阅区/ [索取号:H319.36/121] | 在馆 | |
| 4 | 0891833 | 208918331 | 第四借阅区/ [索取号:H319.36/121] | 在馆 | |
| 5 | 0891834 | 208918340 | 第四借阅区/ [索取号:H319.36/121] | 在馆 |